|
|
|
|
| LEADER |
00000nab a2200000 a 4500 |
| 001 |
vtls000437877 |
| 003 |
SK-MaSNL |
| 005 |
20260303164323.0 |
| 008 |
230313c1991 xo 0 slo |
| 015 |
|
|
|a SNBRB19rr/mm-uuuuu
|
| 035 |
|
|
|a CL0438005
|
| 035 |
|
|
|a urn:nbn:sk:snk-abbmb0
|
| 035 |
|
|
|a (urnnbn)urn:nbn:sk:snk:ar-0049er
|
| 035 |
|
|
|a (uuid)104179ac-bd03-490d-8919-25c16056fe3f
|
| 040 |
|
|
|a SNKBUCL
|b slo
|c SNKBUCL
|e AACR2
|
| 041 |
0 |
|
|a slo
|
| 044 |
|
|
|a xo
|c SK
|
| 080 |
|
|
|a 82:929:840
|2 1981
|
| 080 |
|
|
|a 929
|2 1981
|
| 080 |
|
|
|a 840
|2 1981
|
| 080 |
|
|
|a 929 Nourissier, Francois
|2 1981
|
| 100 |
1 |
|
|a E.K.
|4 aut
|9 399361
|
| 245 |
1 |
0 |
|a Trpkosť bilancovania
|c E. K. ; Francois Nourissier
|
| 600 |
1 |
7 |
|a Nourissier, François
|2 snkbucl
|9 611292
|
| 600 |
1 |
7 |
|a Nourissier, Francois
|d 1927-
|x tvorba literárna - prehľady hodnotiace
|2 snkbucl
|9 1189760
|
| 655 |
|
7 |
|a články z novín a časopisov
|2 snkbucl
|9 267496
|
| 773 |
0 |
|
|t Revue svetovej literatúry
|g Roč. 27, č. 5 (1991), s. 115
|
| 850 |
|
|
|a Slovenská národná knižnica v Martine
|a MTA001
|
| 852 |
|
|
|a SNK
|b KIS3GCP
|
| 958 |
|
|
|a OND
|
| 958 |
|
|
|a RK
|
| 958 |
|
|
|a LX
|
| 958 |
|
|
|a EUIPO
|
| 958 |
|
|
|a article15
|
| 999 |
|
|
|c 2064568
|d 2066498
|